[Event "GER-ch Net blitz qual4"]
[Site "Playchess.com INT"]
[Date "2021.05.10"]
[Round "1"]
[White "Kull, Florian"]
[Black "Werner, Rene"]
[Result "1-0"]
[WhiteElo "2056"]
[BlackElo "1708"]
[PlyCount "93"]
[EventDate "2021.05.10"]
[EventType "swiss (blitz)"]
[EventRounds "11"]
[EventCountry "GER"]
[SourceTitle "CBM 202 Extra"]
[Source "ChessBase"]
[SourceDate "2021.07.31"]
[SourceVersion "1"]
[SourceVersionDate "2021.07.31"]
[SourceQuality "1"]

1. c4 b6 2. Nc3 Bb7 3. e4 e6 4. Nf3 Bb4 5. Qb3 Bxc3 6. Qxc3 Nf6 7. e5 Ne4 8. Qe3 0-0 9. d3 Nc5 10. d4 Ne4 11. Bd3 f5 12. exf6 Nxf6 13. 0-0 d6 14. Qxe6+ Kh8 15. Ng5 Qd7 16. d5 c6 17. Bf4 cxd5 18. Bxd6 Qxe6 19. Nxe6 Re8 20. Nc7 Nbd7 21. Nxa8 Bxa8 22. Rfe1 dxc4 23. Bxc4 Ne4 24. Bg3 Ndf6 25. f3 Nd2 26. Rxe8+ Nxe8 27. Rd1 Nxc4 28. Rd8 Bc6 29. Rc8 Bb5 30. a4 Bd7 31. Rxc4 Kg8 32. Rd4 Nf6 33. Be5 Be6 34. Bxf6 gxf6 35. a5 bxa5 36. Ra4 Bc8 37. Rxa5 a6 38. Kf2 Kf8 39. Ke3 Ke7 40. Kd4 Kd6 41. g4 Bb7 42. f4 h6 43. Rh5 Bf3 44. h3 a5 45. Rxh6 Ke6 46. g5 Kf5 47. Rxf6# 1-0

[Event "Schleswig Holstein-ch Hauptturnier"]
[Site "Ratzeburg"]
[Date "2017.04.13"]
[Round "8.3"]
[White "Werner, Rene"]
[Black "Glinzner, Alva"]
[Result "0-1"]
[WhiteElo "1874"]
[BlackElo "1590"]
[PlyCount "78"]
[EventDate "2017.04.08"]
[EventType "swiss"]
[EventRounds "9"]
[EventCountry "GER"]
[SourceTitle "EXT 2022"]
[Source "ChessBase"]
[SourceDate "2021.10.06"]
[SourceVersion "1"]
[SourceVersionDate "2021.10.06"]
[SourceQuality "1"]

1. c4 e5 2. g3 Nf6 3. Bg2 d5 4. cxd5 Nxd5 5. Nc3 Nb6 6. Nf3 Nc6 7. 0-0 Be7 8. b3 0-0 9. Bb2 Re8 10. Rc1 Bf8 11. d3 a6 12. Ne4 Nd7 13. Ned2 Nb6 14. a3 Bf5 15. Nh4 Bd7 16. e3 Re6 17. Ne4 Re8 18. Nf3 Bf5 19. Nh4 Bd7 20. Nc5 Bxc5 21. Rxc5 Qe7 22. Qc2 Qd6 23. Rc1 Rad8 24. Nf3 Bf5 25. e4 Bd7 26. Qc3 f6 27. a4 Be6 28. Rxc6 bxc6 29. d4 exd4 30. Nxd4 Bf7 31. Nxc6 Rc8 32. Na7 Rb8 33. Nc6 Rbc8 34. e5 fxe5 35. Nxe5 Qf6 36. a5 Nd5 37. Qd2 Rxe5 38. f4 Re2 39. Qxe2 Qg6 0-1

[Event "Kiel op-A 29th"]
[Site "Kiel"]
[Date "2016.08.04"]
[Round "8"]
[White "Werner, Rene"]
[Black "Schmieder, Kerstin"]
[Result "0-1"]
[WhiteElo "1885"]
[BlackElo "1654"]
[PlyCount "74"]
[EventDate "2016.07.30"]
[EventType "swiss"]
[EventRounds "9"]
[EventCountry "GER"]
[SourceTitle "EXT 2017"]
[Source "ChessBase"]
[SourceDate "2016.10.25"]
[SourceVersion "1"]
[SourceVersionDate "2016.10.25"]
[SourceQuality "1"]

1. c4 e6 2. d4 d5 3. Nf3 Nd7 4. e3 c5 5. Nc3 Ngf6 6. Be2 Be7 7. 0-0 0-0 8. b3 a6 9. Bb2 Qc7 10. Rc1 dxc4 11. bxc4 Bd6 12. d5 e5 13. e4 Nb6 14. Nd2 Qe7 15. Rb1 Rb8 16. Bc1 Nfd7 17. a4 f5 18. exf5 Rxf5 19. Bd3 e4 20. Qg4 Qe5 21. f4 Qd4+ 22. Kh1 Nf6 23. Qg3 exd3 24. Nd1 Nxc4 25. Nxc4 Qxc4 26. Ne3 Rxf4 27. Bb2 Rxf1+ 28. Rxf1 Bxg3 29. Nxc4 Ne4 30. Kg1 Bc7 31. Rd1 b5 32. axb5 axb5 33. Ne5 c4 34. Nc6 Bb6+ 35. Kf1 Bg4 36. Nxb8 Be2+ 37. Ke1 Bf2# 0-1

[Event "Kiel op-A 29th"]
[Site "Kiel"]
[Date "2016.07.30"]
[Round "2"]
[White "Werner, Rene"]
[Black "Voloshin, Leonid"]
[Result "0-1"]
[WhiteElo "1885"]
[BlackElo "2424"]
[PlyCount "112"]
[EventDate "2016.07.30"]
[EventType "swiss"]
[EventRounds "9"]
[EventCountry "GER"]
[SourceTitle "CBM 173 Extra"]
[Source "ChessBase"]
[SourceDate "2016.08.29"]
[SourceVersion "1"]
[SourceVersionDate "2016.08.29"]
[SourceQuality "1"]

1. c4 e5 2. g3 Nf6 3. Nc3 Bb4 4. Nd5 Nxd5 5. cxd5 0-0 6. a3 Bc5 7. Bg2 c6 8. d3 cxd5 9. Bd2 Qb6 10. d4 Bxd4 11. e3 Bc5 12. b4 Be7 13. Bxd5 d6 14. Qb3 Nd7 15. Ne2 Nf6 16. Nc3 Bh3 17. Bf3 Be6 18. Qb2 Bc4 19. Na4 Qa6 20. Nc3 d5 21. b5 Qe6 22. Ne2 Qf5 23. Ng1 Rac8 24. Rc1 Nd7 25. Bc3 Nc5 26. Rd1 Nd3+ 27. Rxd3 Qxd3 28. Be2 Qe4 29. Bf3 Qf5 30. Bxe5 Bxa3 31. Qxa3 Qxe5 32. Ne2 Bxe2 33. Bxe2 d4 34. 0-0 dxe3 35. Qxe3 Qxe3 36. fxe3 Rc7 37. Kf2 Rd8 38. Kf3 g6 39. g4 h6 40. h3 Rd6 41. Ra1 Rf6+ 42. Kg3 Rc3 43. Bf1 Rxe3+ 44. Kg2 Rc3 45. Ra2 b6 46. Be2 Kg7 47. Rxa7 Rc2 48. Re7 Re6 49. Rxe6 fxe6 50. Kf3 Kf6 51. Bf1 g5 52. Ke3 Ke5 53. Kd3 Rf2 54. Be2 Kf4 55. Bd1 Rh2 56. Kd4 Rd2+ 0-1

[Event "Kiel op-A 27th"]
[Site "Kiel"]
[Date "2014.08.07"]
[Round "8"]
[White "Werner, Rene"]
[Black "Boyens, Birger"]
[Result "1/2-1/2"]
[WhiteElo "1890"]
[BlackElo "1925"]
[PlyCount "87"]
[EventDate "2014.08.02"]
[EventType "swiss"]
[EventRounds "9"]
[EventCountry "GER"]
[SourceTitle "CBM 161 Extra"]
[Source "ChessBase"]
[SourceDate "2014.08.29"]
[SourceVersion "1"]
[SourceVersionDate "2014.08.29"]
[SourceQuality "1"]

1. d4 d5 2. c4 e6 3. Nc3 f5 4. Nf3 c6 5. Bf4 Nf6 6. e3 Bd6 7. Bxd6 Qxd6 8. c5 Qd8 9. b4 b6 10. Ne5 bxc5 11. dxc5 0-0 12. Ne2 Nfd7 13. Nxd7 Qxd7 14. f4 a5 15. a3 axb4 16. axb4 Rxa1 17. Qxa1 Qb7 18. Qc3 Na6 19. Nd4 Nxb4 20. Be2 Bd7 21. 0-0 Na6 22. Ra1 Nc7 23. Bd3 Ra8 24. Rb1 Qa7 25. Qb4 Na6 26. Bxa6 Qxa6 27. Qb7 Qa2 28. Rb2 Qa3 29. Kf2 Ra7 30. Qb8+ Kf7 31. Rb7 Rxb7 32. Qxb7 Ke8 33. Qb8+ Kf7 34. Qc7 Ke8 35. Qb8+ Kf7 36. Qc7 Ke8 37. Nxc6 Qa8 38. Nb8 Bb5 39. c6 Qa2+ 40. Kg3 Qe2 41. Qd7+ Kf8 42. Qxe6 Qg4+ 43. Kf2 Qh4+ 44. Kf3 1/2-1/2

[Event "Kiel op-A 26th"]
[Site "Kiel"]
[Date "2013.07.28"]
[Round "3"]
[White "Beulertz, Stefan"]
[Black "Werner, Rene"]
[Result "1/2-1/2"]
[WhiteElo "1998"]
[BlackElo "1776"]
[PlyCount "71"]
[EventDate "2013.07.27"]
[EventType "swiss"]
[EventRounds "9"]
[EventCountry "GER"]
[SourceTitle "EXT 2018"]
[Source "ChessBase"]
[SourceDate "2017.10.13"]
[SourceVersion "1"]
[SourceVersionDate "2017.10.13"]
[SourceQuality "1"]

1. e4 c5 2. Nf3 d6 3. Nc3 Nf6 4. e5 dxe5 5. Nxe5 Nbd7 6. Qe2 e6 7. g3 Nxe5 8. Qxe5 a6 9. Bg2 Bd6 10. Qe2 0-0 11. d3 Rb8 12. 0-0 b5 13. Re1 Bb7 14. Bxb7 Rxb7 15. Bg5 Be7 16. Qf3 Qd7 17. Rad1 Nd5 18. Bxe7 Nxe7 19. d4 cxd4 20. Rxd4 Qc7 21. a3 Rbb8 22. Red1 Rbd8 23. Rxd8 Rxd8 24. Rxd8+ Qxd8 25. Qb7 a5 26. Qxb5 Nf5 27. Qd3 Qxd3 28. cxd3 Nd4 29. Kf1 Kf8 30. h4 Ke7 31. Ke1 h6 32. Kd2 Kd6 33. Ne2 Nf5 34. Kc3 Kc5 35. d4+ Kb5 36. Kb3 1/2-1/2